00417nam a2200121Ia 4500008004100000020001500041041000800056082000800064100001300072245014600085260005600231300000800287230724s1999 xx und d a8176710040 aeng a690 aBARRY R. aTHE CONSTRUCTION OF BUILDINGS, VOL IV, 4TH EDITION, MULTI STOREY BUILDINGS, FOUNDATIONS, STEEL FRAMES, CONCRETE FRAMES, FLOORS WALL CLADDING. bAFFILIATED EAST-WEST PRESS PVT LTD NEW DELHI.c1999 a178